Normal view
MARC view
Entry Personal Name
001 - CONTROL NUMBER
- control field: 168294
003 - CONTROL NUMBER IDENTIFIER
- control field: OSt
005 - DATE AND TIME OF LATEST TRANSACTION
- control field: 20220923225006.0
008 - FIXED-LENGTH DATA ELEMENTS
- fixed length control field: 220923|| aca||aabn | a|a d
040 ## - CATALOGING SOURCE
- Original cataloging agency: OSt
- Transcribing agency: OSt
100 ## - HEADING--PERSONAL NAME
- Personal name: मनोज दास; श्रवण कुमार, अनु
670 ## - SOURCE DATA FOUND
- Source citation: Work cat.: (OSt)375281: मनोज दास; श्रवण कुमार, अनु., तीसरा प्राणी, 1992
